| 000 | 00596nam a2200157 a 4500 | ||
|---|---|---|---|
| 008 | 120416s0000 ||||||||||||||||| || u | ||
| 020 | _a0821319515 | ||
| 050 | _aIBRD(08)TP | ||
| 100 | _aRiverson, John D. N | ||
| 245 | 1 | 0 | _aIntermediate means of transport in Sub-Saharan Africa |
| 246 | _aits potential for improving rural travel and transport | ||
| 260 |
_aWashington, D.C. _bWorld Bank _c1991 |
||
| 300 | _a(x), 270p. : ill. | ||
| 350 | _a0.00 | ||
| 995 |
_D0.00 _FCBU-MAIN LIBRARY (Kitwe) _H1 _I0.00 _M1 _UAVAILABLE _ZInternational Publications |
||
| 999 |
_c47250 _d47250 |
||